Länder und ihre Hauptstädte mit gleichen Anfangsbuchstaben - Statistiken

Allgemein
  • Dieses Quiz wurde 91 mal gespielt
  • Das Durchschnittsergebnis liegt bei 13 aus 15
Antwortstatistiken
Hint Antwort % Korrekt
Luxemburg Luxemburg
99%
Mexiko Mexiko-Stadt
99%
Monaco Monaco
99%
Brasilien Brasilia
98%
Vatikanstadt Vatikanstadt
98%
Kuwait Kuwait-Stadt
97%
San Marino San Marino
97%
Panama Panama-Stadt
95%
Guatemala Guatemala-Stadt
93%
Singapur Singapur
93%
Tunesien Tunis
93%
Dschibuti Dschibuti
90%
El Salvador San Salvador
84%
Belize Belmopan
62%
Barbados Bridgetown
53%
Keine übereinstimmenden Quizze gefunden
Verteilung der Resultate
Anzahl Personen mit jedem Resultat
Perzentil nach korrekt beantworteten Fragen
Ihre Resultats-Entwicklung
Sie haben dieses Quiz noch nicht gespielt